000
00279nam a22001337a 4500
008
171123b xxu||||| |||| 00| 0 eng d
020
_a
9780078815249
041
_a
eng
080
_a
004
100
_a
27
101
_a
SHK
245
_a
USING SQL
_c
GROFT.J.R
942
_2
udc
_c
BK
999
_c
38346
_d
38346